000 00664nam a2200229Ia 4500
003 GCL
008 140319s9999 xx 000 0 ara d
040 _aGCL /
_cGCL
082 0 4 _aق
_b962.054
_bح ف
100 1 _aحلمى سلام
245 1 0 _aفاروق نهاية ملك /
_cحلمى سلام
260 _a[S.N] :
_bدار الهلال للطباعة والنشر ،
_c1991
300 _a317 ص
490 _a
650 0 4 _aالعصر الحديث
650 0 4 _aمصر
650 0 4 _aتاريخ
650 0 4 _aالاحوال الاجتماعية
650 0 4 _aالاحوال السياسية
650 0 4 _aالملك فاروق
942 _2ddc
_cBK
999 _c31074
_d31074